O soldadinho de chumbo (Registo nº 1874)

Detalhes MARC
000 -Etiqueta do registo
Cabeçalho 00955nam a22003131 4500
005 - Identificador da versão
Campo de controlo 20240813121918.0
010 ## - Número internacional normalizado dos livros (ISBN)
Número (ISBN) 9722028243
021 ## - Número do Depósito Legal
Código do país PT
Número 224517/05
100 ## - Dados gerais de processamento
Dados gerais de processamento 20070521d2005 da y0pory5003 ba
102 ## - Pais de publicação ou produção
País de publicação Portugal
101 1# - Língua de publicação
Língua do texto, banda sonora, etc. Português
106 ## - Campo de dados codificados: material textual
Dados codificados do material textual r
105 ## - Campo de dados codificados: livros
Dados codificados dos livros a z 000fy
215 ## - Descrição física 
Indicação específica da natureza do documento e extensão da espécie 34, [3] p.
Outras indicações físicas il.
Dimensões 25 cm
200 1# - Titulo e menção de responsabilidade
Título próprio O soldadinho de chumbo
Primeira menção de responsabilidade Hans Christian Andersen
Outras menções de responsabilidade il. Teresa Lima
-- pref. José Jorge Letria
205 ## - Menção da edição
Menção da edição 1ª ed
210 ## - Publicação, Distribuição, etc. 
Lugar da edição, distribuição, etc. Lisboa
Nome do editor, distribuidor, etc. Dom Quixote
Data da publicação, distribuição, etc. 2005
300 ## - Notas gerais 
Texto da nota Obra integrada no Plano Nacional de Leitura
606 ## - Nome comum usado como assunto
Número de registo de entrada de autoridade 0000015
Palavra de ordem Literatura estrangeira infanto-juvenil
Subdivisão de assunto Conto
675 ## - Classificação Decimal Universal (CDU)
Notação 82-34
Edição
Língua da edição por
702 #1 - Nome de autor-pessoa física (responsabilidade secundária)
Número de registo de entrada de autoridade 0000426
Palavra de ordem Lima
Outra parte do nome não tomada para palavra de ordem Teresa
Datas 1962-
Código de função Ilustrador / Técnico de desenho computorizado
Número de registo de entrada de autoridade 0000110
Palavra de ordem Letria
Outra parte do nome não tomada para palavra de ordem José Jorge
Datas 1951-
Código de função Autor da introdução / Prefaciador
700 #1 - Nome de autor-pessoa física (responsabilidade principal)
Número de registo de entrada de autoridade 0000420
Palavra de ordem Andersen
Outra parte do nome não tomada para palavra de ordem Hans Christian
Datas 1805-1875
942 ## - Elementos de entrada adicionados (Koha)
Tipo de item no Koha Livro
Exemplares
Situação do levantamento Origin of item (home branch) (coded) Biblioteca de empréstimo Código de barras Cota Circulation type (not for loan) Tipo de documento Nota do exemplar Damaged status
  Biblioteca Escolar da Coca Maravilhas Biblioteca Escolar da Coca Maravilhas BECM7076/05 8EST AND   Livro Sem mensagem  
  Biblioteca Escolar da Coca Maravilhas Biblioteca Escolar da Coca Maravilhas BECM7970/07 8EST AND   Livro Sem mensagem